| 000 | 01472nam a2200325 4500 | ||
|---|---|---|---|
| 001 | 0000014775 | ||
| 003 | CO-CtgCURN | ||
| 005 | 20250506234104.0 | ||
| 007 | ta | ||
| 008 | 160627s1986 000 0 eng d | ||
| 020 | _a9589093558 | ||
| 040 |
_aCO-CtgCURN _bspa _ccoctgcurn |
||
| 082 | 0 |
_a330.94 _bP47h |
|
| 100 | 1 | _aPirenne, Henri. | |
| 245 | 1 | 0 |
_aHistoria economica y social de la edad media / _cHenry Pirenne , traducción Salvador Echavarria. |
| 260 |
_aMexico : _bFondo de Cultura Economica, _c1986. |
||
| 300 | _a267 p. | ||
| 336 | _2rdacontent | ||
| 337 |
_2rdamedia _asin mediacion _bn |
||
| 338 |
_2rdacarrier _avolumen _bnc |
||
| 490 | 1 | _aSección de obras de economia | |
| 500 | _aIncluye indice\Colección Alfredo Vázquez Carrizosa\Titulo original. : Histoire economique et sociale du moyen-age. | ||
| 504 | _a501Anexo bibliografico y critico de H. van Werveke. | ||
| 505 | 8 | _aEconomia urbana.--Renacimiento del comercio.--Las villas.--La tierra y las clases rurales.--El movimiento comercial hasta finas del siglo XIII.--Importaciones y exportaciones hasta fines del siglo XIII.--La economia urbana y la reglmentacion de la industria.--La trasformacion de los siglos XIV y XV.--El renacimiento del comercio | |
| 650 | 1 | 4 |
_aEdad media _vAspectos economicos. |
| 700 | 1 |
_aEchavarria, Salvador, _eTraductor. |
|
| 908 | _a160627 | ||
| 942 |
_cBK _h330.94 _iP47h _2ddc _n0 |
||
| 999 |
_c18254 _d18254 |
||